[Event "EU-ch U20"]
[Site "Patras"]
[Date "1999.10.18"]
[Round "13"]
[White "Nikolchovski, Toni"]
[Black "Karner, Christoph"]
[Result "0-1"]
[WhiteElo "2190"]
[BlackElo "2181"]
[PlyCount "54"]
[EventDate "1999.10.02"]
[EventType "swiss"]
[EventRounds "9"]
[EventCountry "GRE"]
[SourceTitle "CBM 072 Extra"]
[Source "ChessBase"]
[SourceDate "1999.11.18"]
[SourceVersion "1"]
[SourceVersionDate "1999.11.18"]
[SourceQuality "1"]

1. c4 Nf6 2. g3 g6 3. Bg2 Bg7 4. e3 0-0 5. Ne2 d6 6. 0-0 e5 7. d4 e4 8. Nec3 Re8 9. Nd2 Bf5 10. Qc2 c6 11. Ndxe4 Nxe4 12. Bxe4 Rxe4 13. Nxe4 d5 14. Qb3 dxe4 15. Qxb7 Nd7 16. Qxc6 Rc8 17. Qa6 Bg4 18. c5 Bf3 19. Bd2 Nf8 20. Rfc1 Ne6 21. Ba5 Qe8 22. c6 Bxd4 23. exd4 Nxd4 24. c7 Qd7 25. Kf1 Be2+ 26. Qxe2 Nxe2 27. Kxe2 Qb5+ 0-1

[Event "EU-ch U20"]
[Site "Patras"]
[Date "1999.10.07"]
[Round "3"]
[White "Ribshtein, Nati"]
[Black "Nikolchovski, Toni"]
[Result "1-0"]
[WhiteElo "2349"]
[BlackElo "2190"]
[PlyCount "89"]
[EventDate "1999.10.02"]
[EventType "swiss"]
[EventRounds "9"]
[EventCountry "GRE"]
[SourceTitle "CBM 072 Extra"]
[Source "ChessBase"]
[SourceDate "1999.11.18"]
[SourceVersion "1"]
[SourceVersionDate "1999.11.18"]
[SourceQuality "1"]

1. d4 Nf6 2. c4 g6 3. Nc3 Bg7 4. e4 d6 5. Nf3 0-0 6. Be2 Nbd7 7. 0-0 e5 8. Be3 Ng4 9. Bg5 f6 10. Bh4 h5 11. h3 Nh6 12. d5 g5 13. Bg3 h4 14. Bh2 Rf7 15. Nd2 Bf8 16. b4 Be7 17. Nb3 Rg7 18. Rc1 Nf8 19. Bg4 Nxg4 20. hxg4 Ng6 21. f3 b6 22. Qd2 Nf4 23. Nd1 Qe8 24. Nb2 Bd8 25. Rc2 Qg6 26. Rfc1 Bxg4 27. fxg4 Qxe4 28. Re1 Qg6 29. Nd1 f5 30. Ne3 fxg4 31. Nxg4 Kh8 32. Rc3 Qf5 33. Qd1 Be7 34. Nd2 Rf8 35. Ne4 Rg6 36. Nef2 Kg7 37. Qc2 Qf7 38. Qe4 Qe8 39. c5 bxc5 40. bxc5 Qb5 41. Bxf4 gxf4 42. cxd6 cxd6 43. Rc7 Rf7 44. Rb1 Qe8 45. Rbb7 1-0